Theory of probability and its applications
A journal on the theory and application of probability, statistics, and stochastic processes.
| Corporate Author: | |
|---|---|
| Format: | Electronic Journal |
| Language: | English Russian |
| Published: |
[Philadelphia] :
Society for Industrial and Applied Mathematics
|
| Subjects: | |
| Online Access: | Full text available from Research Library: 01/01/1956 to 07/31/2014 |
MARC
| LEADER | 00000nas a2200000 a 4500 | ||
|---|---|---|---|
| 001 | ssj0006215 | ||
| 003 | WaSeSS | ||
| 005 | 20200512172242.0 | ||
| 006 | m d | ||
| 007 | cr n | ||
| 008 | 970515c19569999pauqr pss 0 a0eng c | ||
| 010 | |a sn 97004550 | ||
| 016 | 7 | |a 1468259-X |2 DE-600 | |
| 022 | |a 1095-7219 |l 0040-585X |y 0040-585X | ||
| 035 | |a (WaSeSS)ssj0006215 | ||
| 040 | |a IWA |b eng |c IWA |d NSD |d OCL |d OCLCQ |d OCL |d NSD |d SBH |d CIT |d LGG |d OCLCQ |d DEBBG |d OCLCQ |d OCLCO |d OCLCQ |d OCLCF |d OCLCO |d OCLCQ |d OCLCO |d OCLCQ |d WT2 |d OCLCQ |d BUF |d OCLCQ |d OCLCO |d AU@ |d OCLCO |d WYU |d U3W |d OCLCO |d OCLCA |d VT2 |d OCLCO |d OCLCQ |d OCLCO |d WaSeSS | ||
| 041 | 1 | |a eng |h rus | |
| 042 | |a nsdp |a pcc | ||
| 050 | 1 | 4 | |a QA273 |b .T413 |
| 082 | 1 | 0 | |a 621 |2 12 |
| 130 | 0 | |a Teorii͡a︡ veroi͡a︡tnosteǐ i ee primenenii͡a︡. |l English (Online) | |
| 210 | 0 | |a Theory probab. appl. |b (Online) | |
| 222 | 0 | |a Theory of probability and its applications |b (Online) | |
| 245 | 1 | 0 | |a Theory of probability and its applications |h [electronic resource]. |
| 260 | |a [Philadelphia] : |b Society for Industrial and Applied Mathematics | ||
| 310 | |a Quarterly | ||
| 362 | 1 | |a Print began with vol. 1 (Mar. 1956). | |
| 506 | |a License restrictions may limit access. | ||
| 520 | |a A journal on the theory and application of probability, statistics, and stochastic processes. | ||
| 538 | |a Mode of access: World Wide Web. | ||
| 588 | 0 | |a Vol. 41, issue 1 (1997); title from title screen. | |
| 588 | 1 | |a Vol. 50, issue 1 (2006) (SIAM Journals Online, viewed Mar. 10, 2006). | |
| 650 | 0 | |a Probabilities |v Periodicals. | |
| 650 | 2 | |a Probability. | |
| 650 | 7 | |a Probabilities. |2 fast |0 (OCoLC)fst01077737 | |
| 655 | 0 | |a Electronic journals. | |
| 710 | 2 | |a Society for Industrial and Applied Mathematics. | |
| 765 | 0 | |t Teorii͡a︡ veroi͡a︡tnosteǐ i ee primenenii͡a︡ |x 0040-361X |w (DLC) 58045732 | |
| 776 | 0 | 8 | |i Print version: |t Theory of probability and its applications |x 0040-585X |w (DLC) 61047747 |w (OCoLC)1767431 |
| 856 | 4 | 0 | |z Full text available from Research Library: 01/01/1956 to 07/31/2014 |u https://search.proquest.com/publication/666297 |